000 00316nam a22001457a 4500
008 230317b ||||| |||| 00| 0 eng d
020 _a2901412959659
041 _aeng
080 _a82
082 _a82COL
100 _a40
101 _aGJUH TE HUJA
245 _aLANGUAGE LEARNERS
_cCOLOMBO M
942 _2udc
_cBK
999 _c59378
_d59378